[Event "8th Vellmar Chess Days"]
[Site "chess24.com"]
[Date "2016.07.31"]
[Round "6"]
[White "Cai, Zhuoran"]
[Black "Hering, Sven"]
[Result "1/2-1/2"]
[Board "29"]
[WhiteElo "1898"]
[WhiteCountry "CHN"]
[WhiteFideId "8608091"]
[WhiteEloChange "2"]
[BlackElo "1968"]
[BlackCountry "GER"]
[BlackFideId "24605727"]
[BlackEloChange "-2"]

1. d4 {[%clk 1:30:57]} d5 {[%clk 1:30:43]} 2. Nf3 {[%clk 1:31:23]} Nf6 {[%clk
1:31:01]} 3. c4 {[%clk 1:31:27]} dxc4 {[%clk 1:31:16]} 4. Nc3 {[%clk 1:31:45]} a6
{[%clk 1:30:51]} 5. a4 {[%clk 1:31:37]} Nc6 {[%clk 1:30:19]} 6. e3 {[%clk
1:30:56]} Na5 {[%clk 1:30:06]} 7. Ne5 {[%clk 1:25:45]} e6 {[%clk 1:27:53]} 8.
Nxc4 {[%clk 1:24:42]} c5 {[%clk 1:28:10]} 9. dxc5 {[%clk 1:19:53]} Qxd1+ {[%clk
1:28:12]} 10. Kxd1 {[%clk 1:20:08]} Nxc4 {[%clk 1:28:31]} 11. Bxc4 {[%clk
1:20:35]} Bxc5 {[%clk 1:28:37]} 12. Ke2 {[%clk 1:18:13]} Bd7 {[%clk 1:26:32]} 13.
f3 {[%clk 1:14:34]} Rc8 {[%clk 1:25:59]} 14. Bd3 {[%clk 1:12:58]} O-O {[%clk
1:25:11]} 15. Bd2 {[%clk 1:12:00]} Rfd8 {[%clk 1:22:05]} 16. Rhb1 {[%clk
1:06:12]} Bb4 {[%clk 1:15:42]} 17. e4 {[%clk 1:03:43]} e5 {[%clk 1:12:32]} 18.
Rc1 {[%clk 1:01:53]} Be6 {[%clk 1:08:35]} 19. Bg5 {[%clk 0:55:47]} Rd6 {[%clk
1:02:37]} 20. Na2 {[%clk 0:43:01]} Rxc1 {[%clk 0:58:50]} 21. Bxc1 {[%clk
0:36:59]} Bc5 {[%clk 0:57:18]} 22. Be3 {[%clk 0:37:13]} Nd7 {[%clk 0:56:23]} 23.
b4 {[%clk 0:36:56]} Bd4 {[%clk 0:55:11]} 24. Bxd4 {[%clk 0:36:26]} Rxd4 {[%clk
0:55:29]} 25. a5 {[%clk 0:31:22]} Kf8 {[%clk 0:52:38]} 26. Kd2 {[%clk 0:25:28]}
Bxa2 {[%clk 0:52:25]} 27. Rxa2 {[%clk 0:25:57]} Rxb4 {[%clk 0:52:46]} 28. Kc3
{[%clk 0:25:12]} Rd4 {[%clk 0:52:31]} 29. Bc4 {[%clk 0:25:13]} Rd1 {[%clk
0:46:55]} 30. Rb2 {[%clk 0:20:56]} Ra1 {[%clk 0:35:33]} 31. Rxb7 {[%clk 0:19:41]}
Rc1+ {[%clk 0:35:51]} 32. Kd2 {[%clk 0:18:58]} Rxc4 {[%clk 0:36:04]} 33. Rxd7
{[%clk 0:19:13]} Ra4 {[%clk 0:35:33]} 34. Rd5 {[%clk 0:18:21]} Ra2+ {[%clk
0:35:03]} 35. Ke3 {[%clk 0:18:38]} Rxg2 {[%clk 0:34:36]} 36. h3 {[%clk 0:18:33]}
Rg5 {[%clk 0:33:20]} 37. Kf2 {[%clk 0:18:00]} Ke7 {[%clk 0:32:43]} 38. h4 {[%clk
0:17:37]} Rh5 {[%clk 0:31:11]} 39. Kg3 {[%clk 0:17:48]} Ke6 {[%clk 0:29:41]} 40.
Kg4 {[%clk 0:17:36]} Rh6 {[%clk 0:30:01]} 41. Rc5 {[%clk 0:17:51]} Rg6+ {[%clk
0:28:49]} 42. Kh3 {[%clk 0:18:14]} Kd6 {[%clk 0:21:13]} 43. Rd5+ {[%clk 0:18:34]}
Ke6 {[%clk 0:20:11]} 44. Rc5 {[%clk 0:19:02]} f5 {[%clk 0:13:53]} 45. f4 {[%clk
0:18:27]} fxe4 {[%clk 0:10:57]} 46. Rxe5+ {[%clk 0:18:54]} Kd6 {[%clk 0:10:08]}
47. Rxe4 {[%clk 0:19:00]} Kc5 {[%clk 0:08:11]} 48. Re5+ {[%clk 0:19:00]} Kb4
{[%clk 0:07:36]} 49. Rh5 {[%clk 0:18:34]} h6 {[%clk 0:06:09]} 50. Re5 {[%clk
0:18:47]} Rg1 {[%clk 0:04:06]} 51. Rd5 {[%clk 0:12:53]} g6 {[%clk 0:29:08]} 52.
Re5 {[%clk 0:42:47]} h5 {[%clk 0:19:52]} 53. Rg5 {[%clk 0:40:57]} Rh1+ {[%clk
0:20:21]} 54. Kg3 {[%clk 0:41:08]} Ra1 {[%clk 0:17:15]} 55. Kf3 {[%clk 0:40:27]}
Rxa5 {[%clk 0:17:00]} 56. Rxg6 {[%clk 0:40:55]} Ra3+ {[%clk 0:10:21]} 57. Ke4
{[%clk 0:41:13]} Rh3 {[%clk 0:09:52]} 58. Rxa6 {[%clk 0:41:29]} Rxh4 {[%clk
0:10:19]} 59. Kf5 {[%clk 0:41:18]} Kc5 {[%clk 0:09:51]} 60. Rf6 {[%clk 0:38:46]}
Kd5 {[%clk 0:10:15]} 1/2-1/2

[Event "8th Vellmar Chess Days"]
[Site "chess24.com"]
[Date "2016.07.31"]
[Round "6"]
[White "Phunhon Lopez, Daniel Alejandro"]
[Black "Lesny, Florian"]
[Result "0-1"]
[Board "30"]
[WhiteElo "1958"]
[WhiteCountry "GER"]
[WhiteFideId "12952567"]
[WhiteEloChange "-13"]
[BlackElo "1853"]
[BlackCountry "GER"]
[BlackFideId "12973874"]
[BlackEloChange "13"]

1. e4 {[%clk 1:30:59]} c5 {[%clk 1:30:54]} 2. Nc3 {[%clk 1:31:26]} Nc6 {[%clk
1:31:17]} 3. Bb5 {[%clk 1:31:51]} Nd4 {[%clk 1:31:39]} 4. a4 {[%clk 1:32:17]} g6
{[%clk 1:31:40]} 5. Nf3 {[%clk 1:32:16]} Bg7 {[%clk 1:30:44]} 6. O-O {[%clk
1:32:39]} e6 {[%clk 1:30:29]} 7. d3 {[%clk 1:31:12]} Ne7 {[%clk 1:28:27]} 8. Bg5
{[%clk 1:30:05]} O-O {[%clk 1:26:37]} 9. Nxd4 {[%clk 1:29:14]} cxd4 {[%clk
1:25:12]} 10. Ne2 {[%clk 1:29:36]} Re8 {[%clk 1:18:55]} 11. Bc4 {[%clk 1:29:17]}
b6 {[%clk 1:13:44]} 12. Qd2 {[%clk 1:26:30]} Bb7 {[%clk 1:13:29]} 13. Ng3 {[%clk
1:23:02]} a6 {[%clk 1:11:32]} 14. f4 {[%clk 1:21:17]} d5 {[%clk 0:56:20]} 15. Bb3
{[%clk 1:21:16]} Qd7 {[%clk 0:51:38]} 16. f5 {[%clk 1:14:51]} exf5 {[%clk
0:50:43]} 17. Bxe7 {[%clk 1:15:13]} Qxe7 {[%clk 0:49:54]} 18. Rae1 {[%clk
1:14:26]} Qh4 {[%clk 0:48:08]} 19. exf5 {[%clk 1:09:59]} Bh6 {[%clk 0:45:24]} 20.
Qb4 {[%clk 1:09:50]} Rxe1 {[%clk 0:44:53]} 21. Qxe1 {[%clk 1:06:17]} Be3+ {[%clk
0:43:57]} 22. Kh1 {[%clk 1:06:40]} Re8 {[%clk 0:41:05]} 23. Qe2 {[%clk 1:00:36]}
Re7 {[%clk 0:32:40]} 24. Qf3 {[%clk 1:00:47]} g5 {[%clk 0:28:45]} 25. f6 {[%clk
0:55:31]} Re5 {[%clk 0:27:37]} 26. Nf5 {[%clk 0:43:34]} Qf4 {[%clk 0:27:40]} 27.
Qd1 {[%clk 0:43:42]} Bf2 {[%clk 0:27:12]} 28. Ne7+ {[%clk 0:43:43]} Kf8 {[%clk
0:26:37]} 29. g3 {[%clk 0:39:10]} Qxf6 {[%clk 0:24:27]} 30. Kg2 {[%clk 0:38:13]}
Qxe7 {[%clk 0:24:30]} 31. Rxf2 {[%clk 0:38:30]} Qe6 {[%clk 0:20:51]} 32. a5
{[%clk 0:27:40]} b5 {[%clk 0:20:19]} 33. Qd2 {[%clk 0:27:18]} Bc8 {[%clk
0:17:13]} 34. c4 {[%clk 0:10:59]} dxc4 {[%clk 0:15:19]} 35. dxc4 {[%clk 0:11:23]}
Bb7+ {[%clk 0:15:27]} 36. Kg1 {[%clk 0:04:53]} Re1+ {[%clk 0:15:04]} 37. Rf1
{[%clk 0:05:18]} Re2 {[%clk 0:14:09]} 38. cxb5 {[%clk 0:01:46]} Rxd2 {[%clk
0:14:26]} 39. Bxe6 {[%clk 0:02:05]} Rg2+ {[%clk 0:14:42]} 40. Kh1 {[%clk
0:02:33]} Rxg3+ {[%clk 0:14:59]} 0-1

[Event "8th Vellmar Chess Days"]
[Site "chess24.com"]
[Date "2016.07.31"]
[Round "6"]
[White "Schirra, Maurice"]
[Black "Koenig, Friedrich Theodor"]
[Result "1/2-1/2"]
[Board "31"]
[WhiteElo "1947"]
[WhiteCountry "GER"]
[WhiteFideId "12941115"]
[WhiteEloChange "-4"]
[BlackElo "1805"]
[BlackCountry "GER"]
[BlackFideId "12956600"]
[BlackEloChange "4"]

1. e4 {[%clk 1:30:58]} d5 {[%clk 1:30:59]} 2. exd5 {[%clk 1:31:18]} Nf6 {[%clk
1:31:27]} 3. d4 {[%clk 1:30:52]} Nxd5 {[%clk 1:31:53]} 4. c4 {[%clk 1:24:50]} Nb6
{[%clk 1:32:12]} 5. Nc3 {[%clk 1:18:37]} g6 {[%clk 1:32:25]} 6. Be3 {[%clk
1:11:08]} Bg7 {[%clk 1:32:31]} 7. h3 {[%clk 1:10:50]} O-O {[%clk 1:32:09]} 8. Nf3
{[%clk 1:08:20]} Nc6 {[%clk 1:30:15]} 9. Qd2 {[%clk 1:03:46]} e5 {[%clk 1:25:58]}
10. d5 {[%clk 0:56:35]} Ne7 {[%clk 0:56:52]} 11. g4 {[%clk 0:49:09]} f5 {[%clk
0:49:03]} 12. Bh6 {[%clk 0:45:27]} e4 {[%clk 0:29:43]} 13. Nd4 {[%clk 0:38:06]}
c6 {[%clk 0:20:53]} 14. Bxg7 {[%clk 0:29:12]} Kxg7 {[%clk 0:21:14]} 15. gxf5
{[%clk 0:29:25]} Bxf5 {[%clk 0:18:07]} 16. Nxf5+ {[%clk 0:29:13]} Nxf5 {[%clk
0:16:54]} 17. d6 {[%clk 0:26:27]} e3 {[%clk 0:12:19]} 1/2-1/2

[Event "8th Vellmar Chess Days"]
[Site "chess24.com"]
[Date "2016.07.31"]
[Round "6"]
[White "Kelm, Daniel"]
[Black "Colbow, Collin"]
[Result "1-0"]
[Board "32"]
[WhiteElo "1944"]
[WhiteCountry "GER"]
[WhiteFideId "12917095"]
[WhiteEloChange "6"]
[BlackElo "1794"]
[BlackCountry "GER"]
[BlackFideId "16201132"]
[BlackEloChange "-6"]

1. e4 {[%clk 1:30:56]} e5 {[%clk 1:30:50]} 2. Nf3 {[%clk 1:31:19]} Nc6 {[%clk
1:31:13]} 3. Bb5 {[%clk 1:31:34]} a6 {[%clk 1:31:36]} 4. Ba4 {[%clk 1:31:50]} Nf6
{[%clk 1:31:58]} 5. O-O {[%clk 1:31:29]} Be7 {[%clk 1:32:18]} 6. c3 {[%clk
1:31:37]} b5 {[%clk 1:31:24]} 7. Bc2 {[%clk 1:32:01]} d6 {[%clk 1:31:11]} 8. h3
{[%clk 1:32:01]} O-O {[%clk 1:28:24]} 9. d4 {[%clk 1:32:10]} exd4 {[%clk
1:23:28]} 10. cxd4 {[%clk 1:31:00]} Nb4 {[%clk 1:21:05]} 11. Bb3 {[%clk 1:30:47]}
c5 {[%clk 1:13:33]} 12. a3 {[%clk 1:28:31]} Nc6 {[%clk 1:11:42]} 13. d5 {[%clk
1:27:55]} Nb8 {[%clk 1:10:13]} 14. Bc2 {[%clk 1:28:01]} Nbd7 {[%clk 1:09:24]} 15.
b4 {[%clk 1:28:01]} c4 {[%clk 1:05:57]} 16. Nd4 {[%clk 1:27:01]} Bb7 {[%clk
0:57:23]} 17. Nc3 {[%clk 1:26:20]} Nb6 {[%clk 0:47:58]} 18. Nf5 {[%clk 1:22:28]}
Re8 {[%clk 0:43:32]} 19. Nxe7+ {[%clk 1:13:53]} Qxe7 {[%clk 0:43:23]} 20. Qd4
{[%clk 1:09:31]} Qc7 {[%clk 0:35:00]} 21. Bb2 {[%clk 1:08:11]} Bc8 {[%clk
0:30:25]} 22. Rae1 {[%clk 1:06:52]} Bd7 {[%clk 0:27:27]} 23. f4 {[%clk 1:06:59]}
Qb7 {[%clk 0:25:10]} 24. g4 {[%clk 1:05:38]} Re7 {[%clk 0:19:10]} 25. Bd1 {[%clk
1:05:02]} Rc8 {[%clk 0:18:08]} 26. Bf3 {[%clk 1:04:29]} Qb8 {[%clk 0:15:51]} 27.
Kg2 {[%clk 1:04:05]} Kf8 {[%clk 0:12:35]} 28. e5 {[%clk 1:00:17]} Ne8 {[%clk
0:11:04]} 29. Ba1 {[%clk 1:00:21]} Na8 {[%clk 0:09:20]} 30. Re2 {[%clk 0:58:04]}
Qb6 {[%clk 0:08:46]} 31. Qxb6 {[%clk 0:58:23]} Nxb6 {[%clk 0:09:14]} 32. Rfe1
{[%clk 0:58:42]} Rc7 {[%clk 0:08:25]} 33. Kg3 {[%clk 0:57:47]} g6 {[%clk
0:06:01]} 34. Ne4 {[%clk 0:57:10]} dxe5 {[%clk 0:05:00]} 35. fxe5 {[%clk
0:56:30]} Nxd5 {[%clk 0:04:29]} 36. Ng5 {[%clk 0:54:11]} Be6 {[%clk 0:03:16]} 37.
Nxh7+ {[%clk 0:51:18]} Kg8 {[%clk 0:03:36]} 38. Ng5 {[%clk 0:50:19]} Rcd7 {[%clk
0:02:56]} 39. Bd4 {[%clk 0:49:40]} Nec7 {[%clk 0:01:37]} 40. Bc5 {[%clk 0:47:05]}
Re8 {[%clk 0:01:44]} 41. Ne4 {[%clk 0:44:05]} Red8 {[%clk 0:29:07]} 42. Bd6
{[%clk 1:13:03]} Rc8 {[%clk 0:27:22]} 43. Nc5 {[%clk 1:12:52]} Rdd8 {[%clk
0:27:20]} 44. Nxe6 {[%clk 1:09:49]} fxe6 {[%clk 0:26:49]} 45. g5 {[%clk 1:08:44]}
Rd7 {[%clk 0:23:38]} 46. Bg4 {[%clk 1:08:23]} Rcd8 {[%clk 0:21:41]} 47. h4 {[%clk
1:06:56]} Rf7 {[%clk 0:18:32]} 48. h5 {[%clk 1:05:50]} gxh5 {[%clk 0:16:43]} 49.
g6 {[%clk 1:04:05]} Rg7 {[%clk 0:15:16]} 50. Bxh5 {[%clk 1:04:14]} Ra8 {[%clk
0:14:45]} 51. Rf1 {[%clk 1:04:18]} Ne8 {[%clk 0:13:48]} 52. Rf8# {[%clk 1:04:18]}
1-0

[Event "8th Vellmar Chess Days"]
[Site "chess24.com"]
[Date "2016.07.31"]
[Round "6"]
[White "Krausse, Eckhard"]
[Black "Bajorski, Marius"]
[Result "1-0"]
[Board "33"]
[WhiteElo "2030"]
[WhiteCountry "GER"]
[WhiteFideId "4638174"]
[WhiteEloChange "3"]
[BlackElo "1753"]
[BlackCountry "GER"]
[BlackFideId "12938831"]
[BlackEloChange "-3"]

1. e4 {[%clk 1:29:44]} c6 {[%clk 1:30:56]} 2. d4 {[%clk 1:28:08]} d5 {[%clk
1:31:20]} 3. f3 {[%clk 1:28:24]} dxe4 {[%clk 1:31:37]} 4. fxe4 {[%clk 1:28:49]}
e5 {[%clk 1:32:02]} 5. Nf3 {[%clk 1:29:02]} Bg4 {[%clk 1:32:27]} 6. Bc4 {[%clk
1:21:45]} Nd7 {[%clk 1:32:50]} 7. O-O {[%clk 1:20:47]} Ngf6 {[%clk 1:33:10]} 8.
Kh1 {[%clk 1:08:37]} Bd6 {[%clk 1:26:37]} 9. c3 {[%clk 0:55:50]} O-O {[%clk
1:26:18]} 10. Nbd2 {[%clk 0:55:41]} Qc7 {[%clk 1:22:50]} 11. Be2 {[%clk 0:49:31]}
b5 {[%clk 1:22:53]} 12. Nh4 {[%clk 0:38:51]} Be6 {[%clk 1:12:44]} 13. Nf5 {[%clk
0:37:50]} Bxf5 {[%clk 1:12:12]} 14. Rxf5 {[%clk 0:38:04]} Rae8 {[%clk 1:11:22]}
15. Qc2 {[%clk 0:25:46]} exd4 {[%clk 1:05:08]} 16. cxd4 {[%clk 0:26:02]} Bf4
{[%clk 1:05:09]} 17. e5 {[%clk 0:25:37]} Nd5 {[%clk 1:05:15]} 18. Ne4 {[%clk
0:23:37]} Bxc1 {[%clk 1:02:28]} 19. Qxc1 {[%clk 0:23:30]} f6 {[%clk 1:01:16]} 20.
e6 {[%clk 0:16:07]} N7b6 {[%clk 0:58:35]} 21. Nc5 {[%clk 0:15:55]} Qd6 {[%clk
0:55:59]} 22. Qd2 {[%clk 0:13:39]} Nc7 {[%clk 0:53:35]} 23. Qf4 {[%clk 0:06:28]}
Qxf4 {[%clk 0:53:14]} 24. Rxf4 {[%clk 0:06:57]} Nxe6 {[%clk 0:53:28]} 25. Nxe6
{[%clk 0:07:00]} Rxe6 {[%clk 0:53:51]} 26. Bg4 {[%clk 0:06:54]} Re7 {[%clk
0:53:23]} 27. Bf3 {[%clk 0:06:45]} Rfe8 {[%clk 0:53:07]} 28. Kg1 {[%clk 0:06:42]}
Nd5 {[%clk 0:53:06]} 29. Rf5 {[%clk 0:06:31]} Kh8 {[%clk 0:51:14]} 30. Bxd5
{[%clk 0:06:09]} g6 {[%clk 0:51:24]} 31. Bxc6 {[%clk 0:05:50]} gxf5 {[%clk
0:49:29]} 32. Bxe8 {[%clk 0:06:12]} Rxe8 {[%clk 0:49:55]} 33. Kf2 {[%clk
0:05:41]} Kg7 {[%clk 0:49:39]} 34. Rc1 {[%clk 0:05:59]} Re4 {[%clk 0:43:26]} 35.
Rc7+ {[%clk 0:01:47]} Kf8 {[%clk 0:41:36]} 36. Rxa7 {[%clk 0:01:12]} Rxd4 {[%clk
0:41:16]} 37. Ke3 {[%clk 0:01:22]} Re4+ {[%clk 0:39:35]} 38. Kf3 {[%clk 0:01:28]}
Rd4 {[%clk 0:38:46]} 39. Rb7 {[%clk 0:01:18]} Rd3+ {[%clk 0:37:51]} 40. Ke2
{[%clk 0:01:20]} Rd5 {[%clk 0:35:41]} 41. Rxh7 {[%clk 0:01:31]} Re5+ {[%clk
0:35:44]} 42. Kf3 {[%clk 0:01:52]} Rd5 {[%clk 0:35:45]} 43. Rb7 {[%clk 0:29:16]}
Rd3+ {[%clk 1:01:41]} 44. Ke2 {[%clk 0:25:48]} Rd5 {[%clk 1:00:36]} 45. b3 {[%clk
0:25:45]} Ke8 {[%clk 1:00:35]} 46. Ra7 {[%clk 0:25:31]} b4 {[%clk 0:59:36]} 47.
Rb7 {[%clk 0:25:30]} Rd4 {[%clk 1:00:00]} 48. Ke3 {[%clk 0:25:30]} Re4+ {[%clk
1:00:23]} 49. Kf3 {[%clk 0:25:45]} Rd4 {[%clk 1:00:27]} 50. Rb5 {[%clk 0:23:44]}
f4 {[%clk 1:00:16]} 51. Rf5 {[%clk 0:22:49]} Rd2 {[%clk 1:00:12]} 52. Rxf6 {[%clk
0:22:11]} Rxa2 {[%clk 1:00:33]} 53. Rxf4 {[%clk 0:22:32]} 1-0

[Event "8th Vellmar Chess Days"]
[Site "chess24.com"]
[Date "2016.07.31"]
[Round "6"]
[White "Schindelmeiser, Frank"]
[Black "Evering, Soeren"]
[Result "1-0"]
[Board "34"]
[WhiteElo "2000"]
[WhiteCountry "GER"]
[WhiteFideId "12976580"]
[WhiteEloChange "6"]
[BlackElo "1862"]
[BlackCountry "GER"]
[BlackFideId "12974650"]
[BlackEloChange "-6"]

1. c4 {[%clk 1:30:58]} e5 {[%clk 1:30:39]} 2. g3 {[%clk 1:31:23]} f5 {[%clk
1:30:03]} 3. d3 {[%clk 1:31:18]} d6 {[%clk 1:30:00]} 4. Bg2 {[%clk 1:31:36]} Nc6
{[%clk 1:29:20]} 5. Nc3 {[%clk 1:32:00]} Nf6 {[%clk 1:29:18]} 6. e4 {[%clk
1:32:18]} Be7 {[%clk 1:21:34]} 7. Nge2 {[%clk 1:32:42]} O-O {[%clk 1:21:28]} 8.
O-O {[%clk 1:33:08]} Be6 {[%clk 1:20:42]} 9. Nd5 {[%clk 1:33:11]} Qd7 {[%clk
1:18:14]} 10. f4 {[%clk 1:28:53]} fxe4 {[%clk 1:15:46]} 11. dxe4 {[%clk 1:29:10]}
Bg4 {[%clk 1:15:20]} 12. Qd3 {[%clk 1:25:06]} Bxe2 {[%clk 1:12:15]} 13. Qxe2
{[%clk 1:25:35]} Nd4 {[%clk 1:12:24]} 14. Nxe7+ {[%clk 1:23:35]} Qxe7 {[%clk
1:12:13]} 15. Qd3 {[%clk 1:23:56]} c5 {[%clk 1:11:42]} 16. h3 {[%clk 1:11:27]}
Nd7 {[%clk 1:02:52]} 17. f5 {[%clk 1:08:05]} a6 {[%clk 0:57:01]} 18. Be3 {[%clk
1:05:26]} Rac8 {[%clk 0:51:23]} 19. Rf2 {[%clk 1:00:16]} Qf7 {[%clk 0:42:36]} 20.
Raf1 {[%clk 0:53:42]} Qf6 {[%clk 0:34:27]} 21. g4 {[%clk 0:48:28]} b5 {[%clk
0:25:08]} 22. b3 {[%clk 0:43:10]} bxc4 {[%clk 0:23:50]} 23. Qxc4+ {[%clk
0:42:59]} Kh8 {[%clk 0:23:09]} 24. g5 {[%clk 0:40:22]} Qf7 {[%clk 0:22:34]} 25.
Qxa6 {[%clk 0:38:49]} Rc6 {[%clk 0:19:33]} 26. Qd3 {[%clk 0:37:03]} Nb6 {[%clk
0:15:20]} 27. g6 {[%clk 0:32:14]} Qc7 {[%clk 0:13:46]} 28. f6 {[%clk 0:26:42]}
gxf6 {[%clk 0:12:47]} 29. Bh6 {[%clk 0:26:45]} Rg8 {[%clk 0:11:49]} 30. g7+
{[%clk 0:26:48]} Rxg7 {[%clk 0:12:15]} 31. Bxg7+ {[%clk 0:27:16]} Qxg7 {[%clk
0:12:29]} 32. Rxf6 {[%clk 0:27:09]} Rc8 {[%clk 0:12:33]} 33. Rf7 {[%clk 0:20:10]}
Qh6 {[%clk 0:09:26]} 34. R1f6 {[%clk 0:16:42]} Qc1+ {[%clk 0:09:26]} 35. Qf1
{[%clk 0:15:29]} Qxf1+ {[%clk 0:08:19]} 36. Bxf1 {[%clk 0:15:19]} Kg8 {[%clk
0:08:18]} 37. Rb7 {[%clk 0:14:39]} c4 {[%clk 0:05:13]} 38. bxc4 {[%clk 0:13:40]}
Nxc4 {[%clk 0:05:28]} 39. Bxc4+ {[%clk 0:13:40]} Rxc4 {[%clk 0:05:28]} 40. Rxd6
{[%clk 0:13:18]} Rc1+ {[%clk 0:05:13]} 41. Kf2 {[%clk 0:11:34]} Rc8 {[%clk
0:03:56]} 42. Rdd7 {[%clk 0:07:15]} Rf8+ {[%clk 0:03:53]} 43. Kg2 {[%clk
0:06:06]} Ne6 {[%clk 0:02:49]} 44. Re7 {[%clk 0:05:53]} Nf4+ {[%clk 0:02:56]} 45.
Kh2 {[%clk 0:05:46]} Rd8 {[%clk 0:02:42]} 46. Rxe5 {[%clk 0:04:10]} Ng6 {[%clk
0:02:43]} 47. Rd5 {[%clk 0:30:32]} Rc8 {[%clk 0:33:26]} 48. a4 {[%clk 0:29:59]}
Rc2+ {[%clk 0:33:28]} 49. Kg3 {[%clk 0:29:44]} Rc3+ {[%clk 0:33:27]} 50. Kg4
{[%clk 0:29:14]} Rc8 {[%clk 0:32:56]} 51. a5 {[%clk 0:28:14]} Ra8 {[%clk
0:33:03]} 52. Rdb5 {[%clk 0:28:00]} Ra6 {[%clk 0:33:04]} 53. R7b6 {[%clk
0:28:04]} Ra7 {[%clk 0:33:15]} 54. Rb8+ {[%clk 0:28:12]} Nf8 {[%clk 0:33:38]} 55.
Rg5+ {[%clk 0:28:07]} 1-0

[Event "8th Vellmar Chess Days"]
[Site "chess24.com"]
[Date "2016.07.31"]
[Round "6"]
[White "Kaufmann, Gunther"]
[Black "Maar, Samuel"]
[Result "0-1"]
[Board "35"]
[WhiteElo "1829"]
[WhiteCountry "GER"]
[WhiteFideId "4669509"]
[WhiteEloChange "-5"]
[BlackElo "1998"]
[BlackCountry "GER"]
[BlackFideId "12952591"]
[BlackEloChange "5"]

1. e4 {[%clk 1:30:57]} d6 {[%clk 1:30:55]} 2. d4 {[%clk 1:31:16]} Nf6 {[%clk
1:31:14]} 3. Bd3 {[%clk 1:31:09]} e5 {[%clk 1:31:24]} 4. c3 {[%clk 1:28:20]} Be7
{[%clk 1:30:01]} 5. Nf3 {[%clk 1:28:31]} Nbd7 {[%clk 1:29:35]} 6. O-O {[%clk
1:25:07]} O-O {[%clk 1:27:00]} 7. Nbd2 {[%clk 1:21:59]} c6 {[%clk 1:21:03]} 8.
Re1 {[%clk 1:22:00]} Re8 {[%clk 1:13:27]} 9. Nf1 {[%clk 1:20:47]} h6 {[%clk
0:53:48]} 10. Ng3 {[%clk 1:14:35]} b6 {[%clk 0:52:50]} 11. Nf5 {[%clk 1:14:00]}
Bf8 {[%clk 0:53:16]} 12. N3h4 {[%clk 1:07:25]} d5 {[%clk 0:23:06]} 13. Bd2 {[%clk
0:33:44]} dxe4 {[%clk 0:19:03]} 14. Bxe4 {[%clk 0:33:33]} Nxe4 {[%clk 0:16:48]}
15. Rxe4 {[%clk 0:33:50]} Nf6 {[%clk 0:07:06]} 16. Rxe5 {[%clk 0:29:53]} Rxe5
{[%clk 0:06:38]} 17. dxe5 {[%clk 0:30:14]} Ne4 {[%clk 0:05:49]} 18. Bxh6 {[%clk
0:23:46]} Qxd1+ {[%clk 0:05:22]} 19. Rxd1 {[%clk 0:24:09]} Bxf5 {[%clk 0:05:32]}
20. Nxf5 {[%clk 0:23:50]} gxh6 {[%clk 0:05:58]} 21. Rd4 {[%clk 0:20:44]} Ng5
{[%clk 0:05:01]} 22. Rd7 {[%clk 0:10:31]} Re8 {[%clk 0:03:29]} 23. f4 {[%clk
0:10:22]} Ne6 {[%clk 0:03:53]} 24. g3 {[%clk 0:10:27]} a5 {[%clk 0:04:10]} 25. a4
{[%clk 0:09:04]} Nc5 {[%clk 0:03:22]} 26. Rc7 {[%clk 0:08:58]} Nxa4 {[%clk
0:03:22]} 27. Rxc6 {[%clk 0:09:17]} Nxb2 {[%clk 0:03:46]} 28. Rxb6 {[%clk
0:09:28]} Bc5+ {[%clk 0:04:13]} 0-1

[Event "8th Vellmar Chess Days"]
[Site "chess24.com"]
[Date "2016.07.31"]
[Round "6"]
[White "Knoth, Eugen"]
[Black "Baumann, Marcel"]
[Result "1/2-1/2"]
[Board "36"]
[WhiteElo "1980"]
[WhiteCountry "GER"]
[WhiteFideId "4650395"]
[WhiteEloChange "-4"]
[BlackElo "1831"]
[BlackCountry "GER"]
[BlackFideId "12974668"]
[BlackEloChange "4"]

1. d4 {[%clk 1:30:58]} Nf6 {[%clk 1:30:56]} 2. Nf3 {[%clk 1:31:24]} d5 {[%clk
1:31:21]} 3. Bf4 {[%clk 1:31:46]} e6 {[%clk 1:31:09]} 4. e3 {[%clk 1:32:11]} Bd6
{[%clk 1:31:18]} 5. Bg3 {[%clk 1:32:35]} O-O {[%clk 1:31:27]} 6. Nbd2 {[%clk
1:32:50]} b6 {[%clk 1:31:38]} 7. Ne5 {[%clk 1:32:54]} Bb7 {[%clk 1:31:29]} 8. Bd3
{[%clk 1:33:14]} Nbd7 {[%clk 1:31:28]} 9. c3 {[%clk 1:33:24]} Qe7 {[%clk
1:30:46]} 10. Qf3 {[%clk 1:32:49]} c5 {[%clk 1:29:41]} 11. O-O {[%clk 1:32:56]}
Rac8 {[%clk 1:29:01]} 12. Rfe1 {[%clk 1:31:42]} Bb8 {[%clk 1:27:48]} 13. Rad1
{[%clk 1:25:52]} Nxe5 {[%clk 1:26:36]} 14. Bxe5 {[%clk 1:24:14]} Bxe5 {[%clk
1:26:28]} 15. dxe5 {[%clk 1:24:37]} Nd7 {[%clk 1:26:36]} 16. Qh3 {[%clk 1:23:35]}
h6 {[%clk 1:25:29]} 17. Nf3 {[%clk 1:21:49]} c4 {[%clk 1:25:03]} 18. Bb1 {[%clk
1:20:37]} Nc5 {[%clk 1:24:49]} 19. Nd4 {[%clk 1:20:29]} a6 {[%clk 1:24:56]} 20.
f4 {[%clk 1:17:07]} Rc7 {[%clk 1:19:00]} 21. Rf1 {[%clk 1:17:28]} b5 {[%clk
1:13:43]} 22. a3 {[%clk 1:17:49]} Bc6 {[%clk 1:06:31]} 23. Rf3 {[%clk 1:17:59]}
Bd7 {[%clk 0:59:09]} 24. g4 {[%clk 1:18:11]} Ne4 {[%clk 0:54:14]} 25. Bxe4 {[%clk
1:15:48]} dxe4 {[%clk 0:54:39]} 26. Rg3 {[%clk 1:16:12]} f6 {[%clk 0:49:10]} 27.
exf6 {[%clk 1:12:44]} Qxf6 {[%clk 0:48:18]} 28. g5 {[%clk 1:11:53]} hxg5 {[%clk
0:48:06]} 29. Ne2 {[%clk 1:08:29]} 1/2-1/2